Großstädte - Ungarn - Statistiken

Allgemein
  • Dieses Quiz wurde 48 mal gespielt
  • Das Durchschnittsergebnis liegt bei 1 aus 8
Antwortstatistiken
Einwohnerzahl deutscher Name % Korrekt
1.685.342 Budapest
100%
199.858 Debrezin
23%
139.330 Fünfkirchen
8%
127.599 Raab
5%
158.797 Segedin
5%
108.120 Ketschkemet
3%
147.533 Mischkolz
3%
116.282 Birkenkirchen
0%
Keine übereinstimmenden Quizze gefunden
Verteilung der Resultate
Anzahl Personen mit jedem Resultat
Perzentil nach korrekt beantworteten Fragen
Ihre Resultats-Entwicklung
Sie haben dieses Quiz noch nicht gespielt